书目信息 |
| 题名: |
混凝土结构原理
|
|
| 作者: | 刘立新 , 叶燕华 主编 | |
| 分册: | ||
| 出版信息: | 武汉 武汉理工大学出版社 2024.08 |
|
| 页数: | 246页 | |
| 开本: | 29cm | |
| 丛书名: | 普通高等学校土木工程专业新编系列教材 | |
| 单 册: | ||
| 中图分类: | TU37 | |
| 科图分类: | ||
| 主题词: | 混凝土结构--hun ning tu jie gou--高等学校--教材 | |
| 电子资源: | ||
| ISBN: | 978-7-5629-7135-1 | |
| 000 | 01190nam 2200301 450 | |
| 001 | 89703 | |
| 005 | 20250814185435.61 | |
| 010 | @a978-7-5629-7135-1@dCNY41.00 | |
| 100 | @a20240925d2024 em y0chiy50 ea | |
| 101 | 0 | @achi |
| 102 | @aCN@b420000 | |
| 105 | @aa a 000yy | |
| 106 | @ar | |
| 200 | 1 | @a混凝土结构原理@Ahun ning tu jie gou yuan li@f刘立新, 叶燕华主编 |
| 205 | @a第4版 | |
| 210 | @a武汉@c武汉理工大学出版社@d2024.08 | |
| 215 | @a246页@c图@d29cm | |
| 225 | 2 | @a普通高等学校土木工程专业新编系列教材@Apu tong gao deng xue xiao tu mu gong cheng zhuan ye xin bian xi lie jiao cai |
| 300 | @a“互联网+”创新型教材 | |
| 320 | @a有书目 (第246页) | |
| 330 | @a本书结合我国近年来混凝土结构的最新发展情况, 主要介绍了混凝土结构材料的物理力学性能, 极限状态设计方法的基本概念, 受弯、受剪、受扭、受压和受拉构件承载力计算, 混凝士构件裂缝、变形控制和耐久性, 预应力混凝土构件等。 | |
| 410 | 0 | @12001 @a普通高等学校土木工程专业新编系列教材 |
| 606 | 0 | @a混凝土结构@Ahun ning tu jie gou@x高等学校@j教材 |
| 690 | @aTU37@v5 | |
| 701 | 0 | @a刘立新@Aliu li xin@4主编 |
| 701 | 0 | @a叶燕华@Aye yan hua@4主编 |
| 801 | 0 | @aCN@c20250909 |
| 905 | @a河南城建学院图书馆@dTU37@eL640=4@f1 | |
| 混凝土结构原理/刘立新, 叶燕华主编.-第4版.-武汉:武汉理工大学出版社,2024.08 |
| 246页:图;29cm.-(普通高等学校土木工程专业新编系列教材) |
| “互联网+”创新型教材 |
| ISBN 978-7-5629-7135-1:CNY41.00 |
| 本书结合我国近年来混凝土结构的最新发展情况, 主要介绍了混凝土结构材料的物理力学性能, 极限状态设计方法的基本概念, 受弯、受剪、受扭、受压和受拉构件承载力计算, 混凝士构件裂缝、变形控制和耐久性, 预应力混凝土构件等。 |
| ● |
| 相关链接 |
|
|
|
正题名:混凝土结构原理
索取号:TU37/L640=4
 
预约/预借
| 序号 | 登录号 | 条形码 | 馆藏地/架位号 | 状态 | 备注 |
| 1 | 1623665 | 216236650 | 建筑库101/101建筑库 85排2列2层/ [索取号:TU37/L640=4] | 在馆 |